Managing human Resources. (Record no. 5149)

MARC details
005 - DATE AND TIME OF LATEST TRANSACTION
control field 20250625165125.0
020 ## - INTERNATIONAL STANDARD BOOK NUMBER
International Standard Book Number 0-324-1840-0
082 ## - DEWEY DECIMAL CLASSIFICATION NUMBER
Classification number 658.3 BOH
100 ## - MAIN ENTRY--PERSONAL NAME
Author name BOHLANDER, G.
245 ## - TITLE STATEMENT
Title Managing human Resources.
250 ## - EDITION STATEMENT
Edition statement 13rd Ed.
260 ## - PUBLICATION, DISTRIBUTION, ETC.
Place of publication, distribution, etc. Austalia,
Name of publisher, distributor, etc. Thomson South-Western,
Date of publication, distribution, etc. 2004.
300 ## - PHYSICAL DESCRIPTION
Extent xxxvii,794p.: ill.; figure, table
Other physical details Glossary & Index
Dimensions 26cm
700 ## - ADDED ENTRY--PERSONAL NAME
Other authors/Editors SNELL, S.
942 ## - ADDED ENTRY ELEMENTS (KOHA)
Source of classification or shelving scheme Dewey Decimal Classification
Koha item type Books
Holdings
Date last seen Total checkouts Full call number Barcode Cost, replacement price Price effective from Koha item type Lost status Source of classification or shelving scheme Damaged status Not for loan Withdrawn status Home library Current library Shelving location Date acquired Cost, normal purchase price
06/25/2025   658.3 BOH DOM0001662 150000.00 06/25/2025 Books   Dewey Decimal Classification       CBE Dodoma CBE Dodoma General Collection 08/21/2007 50000.00